<?xml version='1.0' encoding='UTF-8'?>
  <record xmlns="http://www.loc.gov/MARC21/slim">
    <leader>00000cam a22000007i 4500</leader>
    <controlfield tag="001">ocm68244589</controlfield>
    <controlfield tag="003">OCoLC</controlfield>
    <controlfield tag="005">20240531092026.9</controlfield>
    <controlfield tag="008">971105s1520    be            000 i lat d</controlfield>
    <datafield tag="040" ind1=" " ind2=" ">
      <subfield code="a">NLGGC</subfield>
      <subfield code="b">eng</subfield>
      <subfield code="e">rda</subfield>
      <subfield code="e">dcrmr</subfield>
      <subfield code="c">NLGGC</subfield>
      <subfield code="d">QGJ</subfield>
      <subfield code="d">OCLCA</subfield>
      <subfield code="d">QGJ</subfield>
      <subfield code="d">OCLCF</subfield>
      <subfield code="d">QGJ</subfield>
      <subfield code="d">OCLCL</subfield>
      <subfield code="d">QGJ</subfield>
    </datafield>
    <datafield tag="029" ind1="0" ind2=" ">
      <subfield code="a">NLGGC</subfield>
      <subfield code="b">16313569X</subfield>
    </datafield>
    <datafield tag="035" ind1=" " ind2=" ">
      <subfield code="a">(OCoLC)68244589</subfield>
    </datafield>
    <datafield tag="245" ind1="0" ind2="0">
      <subfield code="a">Epistolae aliquot eruditorum :</subfield>
      <subfield code="b">nunqu[am] antehac excusae, multis nominibus dignae quae legantur a bonis omnibus, quo magis liqueat, quanta sit insignis cuiusdam sycophantae virulentia.</subfield>
    </datafield>
    <datafield tag="246" ind1="3" ind2=" ">
      <subfield code="a">Epistolae aliqvot ervditorvm</subfield>
    </datafield>
    <datafield tag="264" ind1=" " ind2="1">
      <subfield code="a">[Antwerp] :</subfield>
      <subfield code="b">[Michiel Hillen van Hoochstraten],</subfield>
      <subfield code="c">[approximately 1520]</subfield>
    </datafield>
    <datafield tag="300" ind1=" " ind2=" ">
      <subfield code="a">58 unnumbered leaves ;</subfield>
      <subfield code="c">21 cm (4to)</subfield>
    </datafield>
    <datafield tag="336" ind1=" " ind2=" ">
      <subfield code="a">text</subfield>
      <subfield code="b">txt</subfield>
      <subfield code="2">rdacontent</subfield>
    </datafield>
    <datafield tag="337" ind1=" " ind2=" ">
      <subfield code="a">unmediated</subfield>
      <subfield code="b">n</subfield>
      <subfield code="2">rdamedia</subfield>
    </datafield>
    <datafield tag="338" ind1=" " ind2=" ">
      <subfield code="a">volume</subfield>
      <subfield code="b">nc</subfield>
      <subfield code="2">rdacarrier</subfield>
    </datafield>
    <datafield tag="340" ind1=" " ind2=" ">
      <subfield code="m">4to</subfield>
      <subfield code="2">rdabf</subfield>
    </datafield>
    <datafield tag="500" ind1=" " ind2=" ">
      <subfield code="a">Signatures: B⁴ ²B⁴ C-N⁴ O⁶.</subfield>
    </datafield>
    <datafield tag="500" ind1=" " ind2=" ">
      <subfield code="a">With initials.</subfield>
    </datafield>
    <datafield tag="500" ind1=" " ind2=" ">
      <subfield code="a">Place of publication, printer's name and year of publication from Nijhoff-Kronenberg.</subfield>
    </datafield>
    <datafield tag="500" ind1=" " ind2=" ">
      <subfield code="a">Edited by Wilhelm Nesen according to P.S. Allen in "Opus epistolarum D. Erasmi Roterodami", t. 4, Oxford, 1922, nr. 1083, page 210, which also gives the date May 1520.</subfield>
    </datafield>
    <datafield tag="500" ind1=" " ind2=" ">
      <subfield code="a">Contains letters written in response to "Annotationes Edouardi Lei in Annotationes Novi Testamenti Desiderii Erasmi".</subfield>
    </datafield>
    <datafield tag="505" ind1="0" ind2="0">
      <subfield code="g">LeafB2</subfield>
      <subfield code="t">[Letter by Thomas Lupset to Wilhelm Nesen (An. M.D.XIX [1519], cal. April)] --</subfield>
      <subfield code="g">Leaf 2B3</subfield>
      <subfield code="t">[Letter by Wilhelm Nesen to Thomas Lupset (Louanii, duodeci calen. Maias)] --</subfield>
      <subfield code="g">Leaf 2B4</subfield>
      <subfield code="t">[Letter by Thomas More to Edward Lee (Cal Mai An. M.D. XIX [1519])] --</subfield>
      <subfield code="g">Leaf F1</subfield>
      <subfield code="t">[Letter by Thomas Lupset to Edward Lee (Oxoniae, tertio cal.  April)] --</subfield>
      <subfield code="g">Leaf F3</subfield>
      <subfield code="t">[Letter by Thomas Lupset to Thomas Paynel (Oxoniae e contubernio corporis Christi, Pridie cal. April)] --</subfield>
      <subfield code="g">Leaf F4</subfield>
      <subfield code="t">[Letter by Wolfgang Capito to Desiderius Erasmus (Basilae, xvi. cal April An. M. D. XX. [1520])] --</subfield>
      <subfield code="g">Leaf G1</subfield>
      <subfield code="t">[Letter by Bonifacius Amerbach to Desiderius Erasmus (Basilae, Rauracorum decimoquarto Calen. April. Anno M.D. XX [1520])] --</subfield>
      <subfield code="g">Leaf G3</subfield>
      <subfield code="t">[Letter by Thomas More to a monk].</subfield>
    </datafield>
    <datafield tag="510" ind1="4" ind2=" ">
      <subfield code="a">Nijhoff, W. Nederlandsche bibliographie van 1500 tot 1540 (1923-61 edition),</subfield>
      <subfield code="c">765</subfield>
    </datafield>
    <datafield tag="510" ind1="4" ind2=" ">
      <subfield code="a">Allen, P.S. Opus epistolarum D. Erasmi Roterodami (1922),</subfield>
      <subfield code="c">1083</subfield>
    </datafield>
    <datafield tag="600" ind1="1" ind2="0">
      <subfield code="a">Lee, Edward,</subfield>
      <subfield code="d">1482?-1544.</subfield>
      <subfield code="t">Annotationes in Annotationes Novi Testamenti Desiderii Erasmi.</subfield>
    </datafield>
    <datafield tag="600" ind1="1" ind2="0">
      <subfield code="a">Erasmus, Desiderius,</subfield>
      <subfield code="d">-1536.</subfield>
      <subfield code="t">Annotationes in Novum Testamentum.</subfield>
    </datafield>
    <datafield tag="630" ind1="0" ind2="7">
      <subfield code="a">Annotationes in Novum Testamentum (Erasmus, Desiderius)</subfield>
      <subfield code="2">fast</subfield>
    </datafield>
    <datafield tag="700" ind1="1" ind2=" ">
      <subfield code="a">Erasmus, Desiderius,</subfield>
      <subfield code="d">-1536,</subfield>
      <subfield code="e">addressee.</subfield>
      <subfield code="4">rcp</subfield>
    </datafield>
    <datafield tag="700" ind1="1" ind2=" ">
      <subfield code="a">Nesen, Wilhelm,</subfield>
      <subfield code="e">correspondent,</subfield>
      <subfield code="e">editor,</subfield>
      <subfield code="e">addressee.</subfield>
      <subfield code="4">crp</subfield>
      <subfield code="4">edt</subfield>
      <subfield code="4">rcp</subfield>
    </datafield>
    <datafield tag="700" ind1="1" ind2=" ">
      <subfield code="a">Lee, Edward,</subfield>
      <subfield code="d">1482?-1544,</subfield>
      <subfield code="e">addressee.</subfield>
      <subfield code="4">rcp</subfield>
    </datafield>
    <datafield tag="700" ind1="1" ind2=" ">
      <subfield code="a">More, Thomas,</subfield>
      <subfield code="c">Saint,</subfield>
      <subfield code="d">1478-1535,</subfield>
      <subfield code="e">correspondent.</subfield>
      <subfield code="4">crp</subfield>
    </datafield>
    <datafield tag="700" ind1="1" ind2=" ">
      <subfield code="a">Lupset, Thomas,</subfield>
      <subfield code="d">1495?-1530,</subfield>
      <subfield code="e">correspondent,</subfield>
      <subfield code="e">addressee.</subfield>
      <subfield code="4">crp</subfield>
      <subfield code="4">rcp</subfield>
    </datafield>
    <datafield tag="700" ind1="1" ind2=" ">
      <subfield code="a">Paynell, Thomas,</subfield>
      <subfield code="d">active 1528-1567,</subfield>
      <subfield code="e">addressee.</subfield>
      <subfield code="4">rcp</subfield>
    </datafield>
    <datafield tag="700" ind1="1" ind2=" ">
      <subfield code="a">Capito, Wolfgang,</subfield>
      <subfield code="d">1478-1541,</subfield>
      <subfield code="e">correspondent.</subfield>
      <subfield code="4">crp</subfield>
    </datafield>
    <datafield tag="700" ind1="1" ind2=" ">
      <subfield code="a">Amerbach, Bonifacius,</subfield>
      <subfield code="e">correspondent.</subfield>
      <subfield code="4">crp</subfield>
    </datafield>
    <datafield tag="700" ind1="1" ind2=" ">
      <subfield code="a">Hillen van Hoochstraten, Michiel,</subfield>
      <subfield code="d">approximately 1476-1558,</subfield>
      <subfield code="e">printer.</subfield>
      <subfield code="4">prt</subfield>
    </datafield>
    <datafield tag="700" ind1="1" ind2="2">
      <subfield code="i">Container of (work):</subfield>
      <subfield code="a">More, Thomas,</subfield>
      <subfield code="c">Saint,</subfield>
      <subfield code="d">1478-1535.</subfield>
      <subfield code="t">Letter to a monk.</subfield>
    </datafield>
    <datafield tag="752" ind1=" " ind2=" ">
      <subfield code="a">Belgium</subfield>
      <subfield code="d">Antwerp,</subfield>
      <subfield code="e">publication place.</subfield>
      <subfield code="4">pup</subfield>
    </datafield>
    <datafield tag="758" ind1=" " ind2=" ">
      <subfield code="i">has work:</subfield>
      <subfield code="a">Epistolae aliquot eruditorum, nunquam antehac excusae, multis nominibus dignus, quae legantur a bonus omnibus (Text)</subfield>
      <subfield code="1">https://id.oclc.org/worldcat/entity/E39PCYRpwFGYXHjJ6vbBhDB7Yd</subfield>
      <subfield code="4">https://id.oclc.org/worldcat/ontology/hasWork</subfield>
    </datafield>
  </record>